Cálculo infinitesimal de una variable

Na minha lista:
Detalhes bibliográficos
Autor principal: Burgos Román, Juan de (Author)
Formato: Livro
Idioma:espanhol
Publicado em: Madrid McGraw Hill 1994
Assuntos:
Tags: Adicionar Tag
Sem tags, seja o primeiro a adicionar uma tag!

MARC

LEADER 00000nam a2200000 a 4500
001 UCS8649
003 CL-VaPUC
008 971107e19940000SP |||||||||||||||||spa|d
082 0 4 |a 515.1  |b BUR  |2 21 
100 0 |a Burgos Román, Juan de  |e author  |9 393433 
245 1 0 |a Cálculo infinitesimal de una variable 
300 |a 612 p 
942 |c BK 
945 |d 19971107 00:00:00  |a jquezada 
260 |a Madrid  |b McGraw Hill  |c 1994 
650 7 |a CALCULO INFINITESIMAL  |2 CL-VaPUC  |9 393434 
650 0 |a Números racionales   |9 316867 
650 0 |a Propiedades  |9 316623 
650 0 |a Números reales   |9 270334 
650 0 |a Valor absoluto  |9 385925 
650 0 |a Sucesiones   |9 393435 
650 0 |a Límites   |9 255439 
650 7 |a AXIOMAS  |2 CL-VaPUC  |9 393436 
650 0 |a Funciones   |9 263869 
650 7 |a TEOREMAS  |2 CL-VaPUC  |9 350068 
650 0 |a Integrales   |9 260233 
650 7 |a SERIES  |2 CL-VaPUC  |9 325542 
650 0 |a Números complejos  |9 270335 
650 0 |a Polinomios  |9 270626 
650 7 |a FRACCIONES RACIONALES  |2 CL-VaPUC  |9 393437 
583 |a last modification  |c 19971107 00:00:00  |k Rodrigo Vera 
999 |c 262939  |d 262937 
952 |0 0  |1 0  |4 0  |6 515_100000000000000_BUR_1994  |7 0  |8 A  |9 291985  |a BIBMAT  |b BIBMAT  |d 2019-11-19  |i 3361888  |o 515.1 BUR 1994  |p 3361888  |r 2025-01-07  |w 2019-11-19  |y BK  |k MAT